000 00884cam a22002411i 4500
001 sa 65009294
003 DLC
005 20260227112201.0
008 761130s1960 ii ab f000 0 eng
010 _asa 65009294
035 _a(OCoLC)2586265
040 _aDLC
_cPLeB
_dOCoLC
_dDLC
042 _apremarc
050 0 0 _aDS485.A55
_bA3 no. 1
100 1 _aAllchin, F. Raymond
_q(Frank Raymond),
_d1923-2010.
245 1 0 _aPiklihal excavations /
_cby F.R. Allchin.
260 _aHyderabad :
_bGovt. of Andhra Pradesh,
_c1960.
300 _axiii, 154 p. :
_bill. (some fold.) ;
_c32 cm.
490 1 _aAndhra Pradesh Government archaeological series ;
_vno. 1
504 _aBibliographical footnotes. Bibliography: p. 154.
650 0 _aExcavations (Archaeology)
_zIndia
_zAndhra Pradesh.
810 1 _aAndhra Pradesh (India).
_bDepartment of Archaeology.
_tArchaeological series ;
_vno. 1
999 _c66123
_d66123